Metodologické problémy plánovania životnej úrovne etapa č. 1. SPEV VI-2/3-1

Na minha lista:
Detalhes bibliográficos
Autor principal: Jakúbek, Ivan
Outros Autores: Zajac, Štefan, Stachovičová, Mária
Formato: Livro
Idioma:eslovaco
Publicado em: Bratislava Výskumný ústav životnej úrovne 1977
Colecção:Informačná publikácia 38
Tags: Adicionar Tag
Sem tags, seja o primeiro a adicionar uma tag!

MARC

LEADER 00000nam a2200000 4500
001 0220271
005 20240822101657.4
041 0 |a slo 
044 |a SK 
245 1 0 |a Metodologické problémy plánovania životnej úrovne  |b etapa č. 1. SPEV VI-2/3-1  |c Ivan Jakúbek, Štefan Zajac a Mária Stachovičová 
264 1 |a Bratislava  |b Výskumný ústav životnej úrovne  |c 1977 
300 |a 117 s. 
490 1 |a Informačná publikácia  |v 38 
830 0 |a Informačná publikácia  |v 38 
100 1 |a Jakúbek, Ivan 
700 1 |a Zajac, Štefan 
700 1 |a Stachovičová, Mária